Sports Quiz

Random Sports or Board Games Quiz

CBK Teams' Leading Returning Scorer Quiz Stats

 Plays Quiz not verified by Sporcle

Score 0/73 Timer 12:00
0 Plays Today
Team Player % Correct
DukeKyle Singler
88.9%
NC StateTracy Smith
74.1%
Kansas StateJacob Pullen
66.7%
Purdue JaJuan Johnson
66.7%
Mississippi StateRavern Johnson
66.7%
BaylorLaceDarius Dunn
59.3%
ArizonaDerrick Williams
55.6%
KansasMarcus Morris
48.1%
MissouriKim English
48.1%
GeorgetownAustin Freeman
48.1%
West VirginiaKevin Jones
48.1%
Michigan StateKalin Lucas
48.1%
Virginia TechMacolm Delaney
44.4%
IllinoisDemetri McCamey
44.4%
Boston CollegeJoe Trapani
40.7%
ConnecticutKemba Walker
40.7%
Ohio StateWilliam Buford
40.7%
Penn StateTalor Battle
40.7%
WashingtonIsaiah Thomas
40.7%
VanderbiltJeffrey Taylor
40.7%
Texas TechMike Singletary
37%
SyracuseKris Joseph
37%
VillanovaCorey Fisher
37%
WisconsinJon Leuer
37%
Washingon St.Klay Thompson
37%
GeorgiaTrey Thompkins
37%
KentuckyDarius Miller
37%
Florida StateChris Singleton
33.3%
Georgia TechIman Shumpert
33.3%
North CarolinaTyler Zeller
33.3%
ColoradoCory Higgins
33.3%
TexasJordan Hamilton
33.3%
CincinnatiYancy Gates
33.3%
Seton HallJeremy Hazell
33.3%
IndianaMaurice Creek
33.3%
NorthwesternJohn Shurna
33.3%
PittsburghAshton Gibbs
29.6%
Team Player % Correct
UCLAMalcolm Lee
29.6%
Notre DameTim Abromaitis
25.9%
StanfordJeremy Green
25.9%
AlabamaJaMychal Green
25.9%
FloridaKenny Boynton
25.9%
Miami HurricanesDurand Scott
22.2%
VirginiaMike Scott
22.2%
Wake ForestCJ Harris
22.2%
MarquetteJimmy Butler
22.2%
South FloridaAugustus Gilchrist
22.2%
MississippiChris Warren
22.2%
TennesseeScotty Hopson
22.2%
ClemsonDemontez Stitt
18.5%
St. John'sDJ Kennedy
18.5%
IowaMatt Gatens
18.5%
OklahomaCade Davis
14.8%
Oklahoma StateKeiton Page
14.8%
ArkansasRotnei Clarke
14.8%
MarylandSean Mosley
11.1%
Iowa StateDiante Garret
11.1%
Texas A&M BJ Holmes
11.1%
LouisvilleJared Swopshire
11.1%
ProvidenceMarshon Brooks
11.1%
MichiganZack Novak
11.1%
MinnesotaBlake Hoffarber
11.1%
CaliforniaJorge Gutierrez
11.1%
South CarolinaSam Muldrow
11.1%
RutgersJonathan Mitchell
7.4%
Arizona StateRihards Kuksiks
7.4%
OregonMalcolm Armstead
7.4%
Oregon StateCalvin Haynes
7.4%
Southern CalNikola Vucevic
7.4%
DePaulMike Stovall
3.7%
AuburnFrankie Sullivan
3.7%
LSUBo Spencer
3.7%
NebraskaBrandon Richardson
0%

You're not logged in!

Compare scores with friends on all Sporcle quizzes.
OR
Log In

Show Comments

Extras

Top Quizzes Today


Score Distribution

Your Account Isn't Verified!

In order to create a playlist on Sporcle, you need to verify the email address you used during registration. Go to your Sporcle Settings to finish the process.

Report this User

Report this user for behavior that violates our Community Guidelines.

Details: